• 首页
  • 本馆介绍
  • 公告通知
  • 最新文献
  • 馆藏检索
  • 电子资源
  • 读者导购
  • 参考咨询
  • 我的图书馆
  • 登录
  • 详细信息显示
  • 放入我的书架
  • 预约/预借图书
  • 作者相关作品
  • 分类相关作品
  • 丛书相关作品
  • 出版社相关作品

书目信息

  • 表格格式
  • 工作单格式
  • 卡片格式
题名:
现象学运动
    
 
作者: 施皮格伯格 著 ;王炳文 , 张金言 译
分册:  
出版信息: 北京   商务印书馆  1995
页数: 14,1017页
开本: 20cm
丛书名:
单 册:
中图分类: B712.59
科图分类:
主题词: 哲学--美国--现代
电子资源:
ISBN: 7-100-01283-X
000 00709nam0 2200229 45
001 0197025540
005 20050322150122.1
010    @a7-100-01283-X@b精装@dCNY40.00
100    @a19970829d1995 emky0chiy0121 ea
101 1  @achi@ceng
102    @aCN@b110000
105    @ay z 001yy
200 10 @a现象学运动@Axian xiang xue yun dong@f(美)赫伯特·施皮格伯格著@F(Mei)HeBo Te·Shi Pi Ge Bo Ge Zhu@g王炳文,张金言译
210    @a北京@c商务印书馆@d1995
215    @a14,1017页@d20cm
606 0  @a哲学@x美国@x现代
690    @aB712.59@v3
701  0 @a施皮格伯格@4著
702  0 @a王炳文@Awang bing wen@4译
702  0 @a张金言@Azhang jin yan@4译
801  0 @aCN@bNLC@c19970910
905    @f1@b275611@dB712.59@e17
    
    现象学运动/(美)赫伯特·施皮格伯格著/王炳文,张金言译.-北京:商务印书馆,1995
    14,1017页;20cm
    
    
    ISBN 7-100-01283-X(精装):CNY40.00
    
●
相关链接 在E读中查询图书 在五车中查询图书 在当当中查询图书 在豆瓣中查询图书


正题名:现象学运动     索取号:B712.59/17         预约/预借

序号 登录号 条形码 馆藏地/架位号 状态 备注
1 0275611   002017891   第一借阅区/ [索取号:B712.59/17] 在馆    
2 0275612   000578280   第一样本阅览室/ [索取号:B712.59/17] 在馆    
欢迎您!
大连网信软件有限公司© 版权所有